000 00324nam a22001337a 4500
008 181121b xxu||||| |||| 00| 0 eng d
020 _a9780393919578
041 _aeng
080 _a370
100 _a48
101 _aEDU
245 _aThe Norton Field Guide To Writing With Readings
_cBullock.R
942 _2udc
_cBK
999 _c52254
_d52254